000 00707nam a2200289Ia 4500
005 20260324150542.0
008 008 260324s9999 xx 000 0 eng d
020 _a9780203101544
037 _aEBOOK
040 _aCRL
040 _beng
040 _cCRL
041 _2eng
041 _aeng
084 _qCRL
100 _aRosamond Sprague
_91226813
245 0 _aPlato's Use of Fallacy (RLE: Plato)
245 2 _bA Study of the Euthydemus and some Other Dialogues
260 _bTaylor and Francis
260 _c1962
365 _a
365 _b180
856 _uhttp://www.taylorfrancis.com/books/9780203101544
942 _cEBOOK
999 _c1836453
_d1836453